| 000 | 00657nam a2200193 i 4500 | ||
|---|---|---|---|
| 001 | 104754 | ||
| 003 | ES-MaACL | ||
| 005 | 20250909200526.0 | ||
| 007 | t| | ||
| 008 | 051212s1968 sp ||||1| spa d | ||
| 100 | 1 |
_aMiranda, María Rosa. _981535 |
|
| 245 | 1 | 3 |
_aLa Epopeya Bíblica / _cSor María Rosa Miranda; prólogo del Excmo. y Rvdmo. Sr. Fr. Albino G. Menéndez Reigada, Obispo de Córdoba. |
| 250 | _a[7ª ed.]. | ||
| 260 |
_aMadrid : _bAguilar, _c1968. |
||
| 300 |
_a1574 p. con 50 lám., 6 lám. ; _c19 cm. |
||
| 700 | 1 |
_aMenéndez-Reigada, Albino G., _d1881-1958 _980321 |
|
| 852 |
_aES-MaACL _jG-7375 _bR.65594 |
||
| 999 |
_c104754 _d104754 |
||